• 首页
  • 本馆介绍
  • 公告通知
  • 最新文献
  • 馆藏检索
  • 电子资源
  • 读者导购
  • 参考咨询
  • 我的图书馆
  • 登录
  • 详细信息显示
  • 放入我的书架
  • 预约/预借图书
  • 作者相关作品
  • 分类相关作品
  • 丛书相关作品
  • 出版社相关作品

书目信息

  • 表格格式
  • 工作单格式
  • 卡片格式
题名:
70天速成金奖硬笔书法系列字帖
    
 
作者: 庞中华 主编
分册:   行书卷
出版信息: 北京   当代世界出版社  1999
页数: 71页
开本: 26cm
丛书名:
单 册:
中图分类: J292.35
科图分类:
主题词: 书法--中国
电子资源:
ISBN: 7-80115-179-8
000 00679nam0 2200217 450
001 0752625234
005 20070726145818.45
010    @a7-80115-179-8@dCNY12.00
100    @a20070722d1999 km y0chiy0120 ea
101 0  @achi
102    @aCN
200 1  @a70天速成金奖硬笔书法系列字帖@A70 tian su cheng jin jiang ying bi shu fa xi lie zi tie@i行书卷@f庞中华等主编@Fpang zhong hua deng zhu bian
210    @a北京@c当代世界出版社@d1999
215    @a71页@d26cm
300    @a中国硬笔书法百科系列
517 1  @a行书卷@Axing shu juan
606 0  @a书法@x中国
690    @aJ292.35@v3
701  0 @a庞中华@Apang zhong hua@4主编
801  0 @aCN@bPFT@c20070726
905    @a10447@dJ292.35@e487
    
    70天速成金奖硬笔书法系列字帖.行书卷/庞中华等主编.-北京:当代世界出版社,1999
    71页;26cm
    中国硬笔书法百科系列
    
    ISBN 7-80115-179-8:CNY12.00
    
●
相关链接 在E读中查询图书 在五车中查询图书 在当当中查询图书 在豆瓣中查询图书


正题名:70天速成金奖硬笔书法系列字帖     索取号:J292.35/487         预约/预借

序号 登录号 条形码 馆藏地/架位号 状态 备注
1 0778436   207784361   第一样本阅览室/ [索取号:J292.35/487] 在馆    
唐山师范学院图书馆 欢迎您!
大连网信软件有限公司© 版权所有